Les 30 plus gros transferts de la Liga Santander - Statistiques

Statistiques générales
  • Ce quiz a été pris 1 930 fois
    607 depuis la dernière actualisation
  • Le résultat moyen est 23 sur 30
Statistiques - réponses
Pos Réponse Club de départ Club d'arrivée Montant du transfert Saison % Correct
1 Neymar FC Barcelone Paris SG 222,00 mio. € 17/18
100%
2 Dembélé Bor. Dortmund FC Barcelone 140,00 mio. € 17/18
94%
6 Ronaldo Real Madrid Juventus Turin 117,00 mio. € 18/19
94%
5 Griezmann Atletico Madrid FC Barcelone 120,00 mio. € 19/20
93%
3 Coutinho FC Liverpool FC Barcelone 135,00 mio. € 17/18
92%
11 Neymar Santos FC FC Barcelone 88,00 mio. € 13/14
91%
4 Joao Felix Benfica Atletico Madrid 127,20 mio. € 19/20
90%
8 Bellingham Bor. Dortmund Real Madrid 103,00 mio. € 23/24
89%
12 De Jong Ajax Amsterdam FC Barcelone 86,00 mio. € 19/20
89%
9 Bale Tottenham Real Madrid 101,00 mio. € 13/14
88%
10 Ronaldo Manchester Utd. Real Madrid 94,00 mio. € 09/10
88%
7 Hazard Chelsea Real Madrid 115,00 mio. € 19/20
86%
14 Tchouameni AS Monaco Real Madrid 80,00 mio. € 22/23
86%
13 Suarez FC Liverpool FC Barcelone 81,72 mio. € 14/15
81%
17 Zidane Juventus Turin Real Madrid 77,50 mio. € 01/02
81%
22 Casemiro Real Madrid Manchester Utd. 70,65 mio. € 22/23
74%
21 Lemar AS Monaco Atletico Madrid 72,00 mio. € 18/19
72%
15 Hernandez Atletico Madrid Bayern Munich 80,00 mio. € 19/20
70%
18 Arthur FC Barcelone Juventus Turin 76,00 mio. € 20/21
67%
16 Arrizabalaga Atletic Bilbao Chelsea 80,00 mio. € 18/19
66%
23 Isaak Real Sociedad Newcastle Utd. 70,00 mio. € 22/23
65%
26 Kaka AC Milan Real Madrid 67,00 mio. € 09/10
65%
19 Rodriguez AS Monaco Real Madrid 75,00 mio. € 14/15
62%
20 Di Maria Real Madrid Manchester Utd. 75,00 mio. € 14/15
61%
24 Rodri Atlético Madrid Manchester City 70,00 mio. € 19/20
61%
29 Jovic E. Frankfurt Real Madrid 63,00 mio. € 19/20
60%
25 Ibrahimovic Inter Milan FC Barcelone 69,50 mio. € 09/10
58%
28 Laporte Atletic Bilbao Manchester City 65,00 mio. € 17/18
54%
30 Pjanic Juventus Turin FC Barcelone 60,00 mio. € 20/21
51%
27 Morata Real Madrid Chelsea 66,00 mio. € 17/18
41%
Aucun quiz correspondant
Distribution des résultats
% des personnes avec chaque résultat
Percentile par nombre de réponses
Votre historique - résultats
Vous n’avez pas pris ce quiz depuis la dernière actualisation